| 000 | 00568nam a22001697a 4500 | ||
|---|---|---|---|
| 003 | OSt | ||
| 082 |
_a631.7 _bAKS/ST |
||
| 100 |
_aAkshaya, M _94725 |
||
| 100 |
_aAmaya, V _94726 |
||
| 100 |
_aAnjitha Jacob _94727 |
||
| 100 |
_aJino Joy _94728 |
||
| 245 | _aStandardization of irrigation and fertigation requirement for snake gourd under rain shelter | ||
| 260 |
_aTavanur _bDepartment of Soil and Water Conservation Engineering _c2020 |
||
| 700 | _aJinu, A | ||
| 856 | _uhttps://drive.google.com/file/d/1o7imkcJ9LMTnyCwTvppDoIMjcF5KTMfA/view?usp=sharing | ||
| 942 | _cPR | ||
| 999 |
_c16319 _d16319 |
||